000 00498pab a2200157 454500
008 180718b2003 xxu||||| |||| 00| 0 eng d
100 _aMartell, Christine R.
245 _aMunicipal investment, borrowing, and pricing under decentralization: the Brazilian case
260 _c2003
300 _ap.173-96.
650 _aDecentralization - Brazil
650 _aLocal government - Brazil
650 _aLocal government
773 _aInternational Journal of Public Administration
909 _a56721
999 _c56721
_d56721